[Event "Cologno Monzese op 26th"]
[Site "Cologno Monzese"]
[Date "2007.10.12"]
[Round "5"]
[White "D'Angelo, Dino"]
[Black "Galli, Giuliano"]
[Result "1-0"]
[WhiteElo "1365"]
[BlackElo "1463"]
[PlyCount "87"]
[EventDate "2007.09.14"]
[EventType "swiss"]
[EventRounds "6"]
[EventCountry "ITA"]
[SourceTitle "EXT 2024"]
[Source "ChessBase"]
[SourceDate "2023.10.10"]
[SourceVersion "1"]
[SourceVersionDate "2023.10.10"]
[SourceQuality "1"]

1. e4 e6 2. d3 d5 3. Nd2 c5 4. Ngf3 Nc6 5. g3 Nf6 6. Qe2 Be7 7. Bg2 0-0 8. 0-0 Qc7 9. Re1 Nd4 10. Nxd4 cxd4 11. exd5 Bc5 12. a3 exd5 13. Nb3 Bb6 14. Bg5 Be6 15. Bxf6 gxf6 16. Rac1 Rae8 17. Qh5 Kh8 18. Bxd5 Bxd5 19. Qxd5 Rxe1+ 20. Rxe1 Qxc2 21. Re7 Kg7 22. Nxd4 Bxd4 23. Qxd4 Qc1+ 24. Kg2 Qc6+ 25. Qe4 f5 26. Qxc6 bxc6 27. Rxa7 Rd8 28. Rc7 Rxd3 29. Rxc6 Rb3 30. Rc2 Kf6 31. Kf1 Ke5 32. Ke1 f4 33. Re2+ Kf5 34. Kd1 fxg3 35. hxg3 h5 36. Kc2 Rf3 37. Kb1 Kg4 38. Ka2 f5 39. b4 f4 40. b5 fxg3 41. fxg3 Kxg3 42. b6 Rf8 43. a4 h4 44. a5 1-0